000 00642nam a2200265Ia 4500
005 20260324153123.0
008 008 260324s9999 xx 000 0 eng d
020 _a9780123969842
037 _aEBOOK
040 _aCRL
040 _beng
040 _cCRL
041 _2eng
041 _aeng
084 _qCRL
100 _aPozhar, Liudmila
_91230643
245 0 _aVirtual Synthesis of Nanosystems by Design
260 _bElsevier
260 _c2015
650 _aMaterials Science
856 _uhttps://www.sciencedirect.com/science/book/9780123969842
942 _cEBOOK
999 _c1841858
_d1841858